Introduction to expert systems (Record no. 172206)

MARC details
000 -LEADER
fixed length control field 00396nam a2200157Ia 4500
008 - FIXED-LENGTH DATA ELEMENTS--GENERAL INFORMATION
fixed length control field 231217s9999 xx 000 0 und d
041 ## - LANGUAGE CODE
Language code of text/sound track or separate title English
082 ## - DEWEY DECIMAL CLASSIFICATION NUMBER
Classification number 006.33 JAC;3 R
100 ## - MAIN ENTRY--PERSONAL NAME
Personal name Jackson, Peter
245 #0 - TITLE STATEMENT
Title Introduction to expert systems
250 ## - EDITION STATEMENT
Edition statement 3rd ed.
260 ## - PUBLICATION, DISTRIBUTION, ETC.
Date of publication, distribution, etc. 1999
Name of publisher, distributor, etc. Pearson Education
Place of publication, distribution, etc. New Delhi
300 ## - PHYSICAL DESCRIPTION
Extent xvii+542
650 ## - SUBJECT ADDED ENTRY--TOPICAL TERM
Topical term or geographic name entry element expert,systems
942 ## - ADDED ENTRY ELEMENTS (KOHA)
Koha item type Books
Holdings
Date last seen Total checkouts Full call number Accession number Cost, total (INR) price Price effective from Category Lost status Damaged status Department Withdrawn status Home library Current library Shelving location Entry date Vendor Cost, normal purchase price Grants Billnumber Billdate Currency symbol Conversion rate Discount Old discount
26/01/2024   006.33 JAC;3 R 28009 236.00 26/01/2024 Books     Central Library   Central Library Central Library Central Library 08/05/2004 Book Paradise 295.00 CS 18693 20/02/2006 RS 1 59 20
26/01/2024   006.33 JAC;4 28010 236.00 26/01/2024 Books     Central Library   Central Library Central Library Central Library 08/05/2004 Book Paradise 295.00 CS 18693 08/02/2006 RS 1 59 20
26/01/2024   006.33 JAC;5 R1 43268 239.20 26/01/2024 Books     Central Library   Central Library Central Library Central Library 11/10/2006 Mega Books 299.00 MCA 4949 22/08/2008 RS 1 59.8 20
26/01/2024   006.33 JAC;6 47596 224.25 26/01/2024 Books     CS   Central Library Central Library Central Library 20/12/2007 Tata Book House 299.00 CS/PG 940 23/01/2009 RS 1 74.75 25

© For any Suggestions or Query, please contact the library staff @ librarian@pes.edu or Phone: +9180 2672 1983/ 2108.